Scarab beetles of the genus Onthophagus latreille North of Mexico (Coleoptera: Scarabaeidae) (Registro nro. 13302)

Detalles MARC
000 -CABECERA
Campo de control 004670000a22001330004500
090 ## - CLASIFICACIÓN LOCAL
Colección AR
Consecutivo 04205
041 0# - IDIOMA
Código de idioma para texto/pista de sonido o título separado
100 1# - ASIENTO PRINCIPAL--NOMBRE PERSONAL
Nombre personal Howden, Henry F.
245 10 - MENCION DE TITULO
Título Scarab beetles of the genus Onthophagus latreille North of Mexico (Coleoptera: Scarabaeidae)
500 ## - NOTA GENERAL
Nota general <Literatura de escarabajos coprófagos>
700 1# - ASIENTO SECUNDARIO - NOMBRE PERSONAL
Nombre personal Cartwrigth, Oscar L.
773 1# - Item fuente:
Título Proceeding of the United States National Museum
Descripción física 3467
Paginas del Articulo 1-135
Lugar, editorial y fecha de publicación 1963
Información sobre la relación 114
942 ## - ELEMENTOS ADICIONALES (KOHA)
Tipo de ítem Artículo
Existencias
Withdrawn status Lost status Damaged status No para préstamo Colección Ubicación Permanente Ubicación actual Fecha de adquisición Fuente de Valor Datos de publicación Seriada Total Checkouts Número topográfico Inventario / Código de Barras Date last seen Ejemplar Price effective from Forma de adquisición Tipo de material
      No para Préstamo Hemeroteca Bogotá Bogotá 09/11/2006 Trujillo, Diego Fuera de circulación   AR 04205 023643 25/03/2015 1 25/03/2015   Artículo